| 000 | 01757cam a22004814i 4500 | ||
|---|---|---|---|
| 003 | PE-LiUPU | ||
| 005 | 20250731173313.0 | ||
| 008 | 150625s2000 flu r 000 0 spa d | ||
| 020 | _a0829721932 | ||
| 020 | _a9780829721935 | ||
| 035 | _a(Sirsi) i9780829721935 | ||
| 040 |
_aPE-LiUPU _bspa _cPE-LiUPU _erda |
||
| 049 | _aPRUA | ||
| 082 | 0 | 4 |
_a248.862 _bE112000 _221 |
| 100 | 1 |
_aEareckson Tada, Joni, _eautor. |
|
| 245 | 1 | 0 |
_aCuando Dios llora : _bla importancia que nuestro sufrimientos tienen para el Todopoderoso / _cJoni Eareckson Tada y Steven Estes. |
| 264 | 1 |
_aMiami, Florida : _bEditorial Vida, _c2000. |
|
| 300 |
_a319 páginas ; _c21 centímetros |
||
| 336 |
_atext _2rdacontent |
||
| 337 |
_aunmediated _2rdamedia |
||
| 338 |
_avolume _2rdacarrier |
||
| 505 | 0 | _a¿Quién es este Dios? -- ¿De qué es capaz Dios? -- ¿Cómo puedo persesverar a pesar de los impedimentos?. | |
| 526 | _aSEG42 | ||
| 526 | _aSEG41 | ||
| 526 | _aSEG40 | ||
| 526 | _aSEG39 | ||
| 526 | _aP94 | ||
| 526 | _aP87 | ||
| 526 | _aP86 | ||
| 526 | _aP85 | ||
| 526 | _aP77 | ||
| 526 | _aP76 | ||
| 526 | _aP35 | ||
| 541 | _g001-0000064; | ||
| 650 | 0 | 4 | _aDivina providencia. |
| 650 | 0 | 4 |
_aSufrimiento _xAspectos religiosos _xCristianismo. |
| 910 |
_adbm _bncf _cncf _d20190605 |
||
| 942 |
_2ddc _cBOOK |
||
| 949 |
_a248.862 E11 2000 _wDEWEY _c1 _i56124 _lCCODEBUL1 _mBUL _p8.00 _r0 _sY _tBOOK _u2015-6-25 _xTEOLOGIA _zUNKNOWN _0COMPRA _o.STAFF. Colección Teología |
||
| 994 |
_aC0 _bPEPRU |
||
| 596 | _a1 | ||
| 999 |
_a248.862 E11 2000 _wDEWEY _c45326 _i56124 _f2021-11-10 _g6 _lCCODEBUL1 _mBUL _p8.00 _r0 _sY _tBOOK _u2015-6-25 _xTEOLOGIA _PP35 _0COMPRA _o.STAFF. Colección Teología _d45326 |
||
| 980 |
_81 _gALBERTO SANCHEZ Responsable de Automatización |
||